00527cam a22002171 4500001001300000003000400013005001700017008004100034010001700075035002000092040001800112042001200130050001900142100002200161245003600183260001100219300001900230500001300249500003000262999001700292sa 65002480 DLC20260227112117.0890626s1962 pk 000 0 urdr  asa 65002480  a(OCoLC)19925674 aDLCcWaUdDLC apremarc00aPK2200.C5bG351 aChandar, Krishan.10aGārjang, jangal kā rājah. c[1962] a122 p.c18 cm. aIn Urdu. aText partially vocalized. c62662d62662